[Event "Kuala Lumpur"]
[Site "Kuala Lumpur"]
[Date "1994.??.??"]
[Round "3"]
[White "Torre, Eugenio"]
[Black "Chiburdanidze, Maia"]
[Result "1-0"]
[WhiteElo "2520"]
[BlackElo "2520"]
[Annotator "Stohl,I"]
[PlyCount "122"]
[EventDate "1994.03.??"]
[EventType "tourn"]
[EventRounds "10"]
[EventCountry "MAS"]
[EventCategory "10"]
[SourceTitle "CBM 041"]
[Source "ChessBase"]
[SourceDate "1994.08.01"]
[SourceVersion "1"]
[SourceVersionDate "1994.08.01"]
[SourceQuality "1"]

1. e4 g6 2. d4 Bg7 3. c3 b6 $5 (3... c6 4. Bd3 d6 5. Nf3 Nf6 6. O-O O-O 7. Qe2
Qc7 8. Nbd2 Nh5 9. Nb3 e5 10. dxe5 dxe5 11. a4 Bg4 12. h3 Nf4 $1 13. Bxf4 Bxf3
14. Qxf3 exf4 15. Rad1 Nd7 16. Bc2 Bh6 17. Nd2 Ne5 18. Qe2 a5 19. Nf3 $10 {
Yandemirov,V-Stripunsky,A/Volgograd/1994/}) 4. Bg5 $5 (4. Nf3 d5 $5 (4... Nf6
5. Nbd2 O-O 6. Bd3 Ba6 $6 7. Bxa6 Nxa6 8. O-O c6 9. e5 Nd5 10. c4 Nf4 11. Ne4
Ne6 12. d5 Nec5 13. Nc3 Nb4 14. a3 Nba6 15. Bg5 f6 16. exf6 exf6 17. Bf4 Re8
18. Qc2 f5 19. Rfe1 $16 {Meduna,E-Lys,J/Praha ch-CS/1992/}) 5. Bd3 dxe4 6. Bxe4
c6 7. Qe2 Nf6 8. Bd3 O-O 9. O-O Nbd7 10. Rd1 Re8 11. Nbd2 c5 12. dxc5 Nxc5 13.
Bb5 Bd7 14. Bxd7 Qxd7 15. Nb3 $10 {1/2:1/2,Kreutzkamp,R-Telljohann,S/NWL-I
9192/1992/}) (4. Bd3 Bb7 5. Ne2 d6 6. O-O Nd7 7. Be3 Ngf6 8. f3 O-O 9. Nd2 e5
10. d5 Kh8 11. g4 Ng8 12. Ng3 Bh6 $1 13. Bf2 c6 14. c4 Nc5 15. Be2 a5 16. Nb3
Bf4 17. Nxc5 bxc5 18. Qd3 cxd5 19. cxd5 Bc8 20. Kg2 f5 21. Rh1 Ra7 $15 {
Ramirez,J-Ivanov,AV/USA-op Los Angeles/1991/}) 4... Bb7 5. Nd2 d6 6. Ngf3 Nd7
7. Bd3 f6 (7... Ngf6 $142 8. e5 (8. O-O e5 $132) 8... Nd5 (8... dxe5 9. dxe5
Ng4 10. e6 fxe6 11. Be4 $44) 9. Be4 $5 f5 10. exf6 exf6 11. Bh4 $14) 8. Qb3 $1
e5 (8... fxg5 $2 9. Nxg5 Nh6 10. Ne6 $18) 9. Be3 Qe7 (9... Ne7 10. O-O {עe8})
10. O-O Nh6 11. Bxh6 $5 Bxh6 12. a4 a5 (12... Kf8 $5 13. a5 Kg7 14. Bc4 $36)
13. Bc4 Kf8 14. Bd5 $16 Bxd5 15. Qxd5 Kg7 16. Nc4 {׫} Rhe8 17. Rfe1 Nf8 18.
Rad1 Qf7 19. Qc6 Qd7 20. Qxd7+ Nxd7 21. Na3 (21. dxe5 Nxe5 $1 22. Nfxe5 fxe5
$132) 21... Nf8 (21... f5 $2 22. Nb5 $36) 22. Nb5 Re7 23. Kf1 Ne6 (23... exd4
24. Nfxd4 {/\Nc6}) 24. g3 Nd8 (24... exd4 $5 25. cxd4 (25. Nfxd4 Nc5) 25... Rd8
{/\c6,d5<=>} 26. Nc3 $16) 25. Re2 Nc6 26. d5 Nd8 27. Ne1 Nb7 28. Nd3 Kf7 (28...
Nc5 29. Nxc5 bxc5 30. Na3 $1 {/\Nc4,Ra1-a3-b3-b5><a5}) 29. Kg2 Rae8 30. Rde1
Ra8 31. f4 {()} Kg8 32. Kf3 Rf8 33. h4 Rg7 {/\ef4,g5<=>} 34. Rh1 $1 Rd7 (34...
Ra8 $142 $16) 35. Na7 $1 exf4 36. gxf4 f5 37. Nc6 fxe4+ 38. Rxe4 {/\Rhe1,Re7}
Nc5 $6 (38... Nd8 $142 $5 39. Rhe1 Nxc6 40. dxc6 Rdf7 $16) 39. Nxc5 dxc5 40.
Kg4 $1 Kg7 41. c4 Rdf7 42. Rf1 Kg8 43. Ne5 Re7 44. Rfe1 Rfe8 45. Nd7 $1 $18 {
ץh6,c7} Rxe4 46. Rxe4 Rxe4 $8 47. Nf6+ Kf7 48. Nxe4 Bf8 49. Ng5+ Kg8 50. h5 $8
gxh5+ (50... Bd6 51. h6 $1 Bf8 52. Ne6 Bd6 53. f5 $18) 51. Kxh5 Bd6 52. Ne6 Kf7
53. Kh6 $1 Kg8 (53... Kf6 $5 54. Kxh7 Kf5 55. Kg7 Ke4 $5 (55... Bxf4 56. Nxf4
Kxf4 57. Kf6 Ke4 58. Ke6 Kd4 59. b3 Kc3 60. Kd7 Kxb3 61. Kxc7 $18) 56. Kf7 Kd3
57. b3 Kc2 58. f5 $1 (58. Nxc7 Bxf4 $3 59. Na8 Kxb3 60. Nxb6 Bc7 $10) 58...
Kxb3 59. Nxc7 $3 Bxc7 (59... Kxc4 60. Ke6 Bxc7 61. f6 $18) 60. Ke6 b5 61. f6 $1
$18) 54. b3 Kh8 55. Kg5 (55. f5 Kg8 56. Kg5 Be5 $5 57. f6 Kf7 58. Kf5 $18)
55... Kg8 56. Kf6 $1 Kh8 57. f5 Kg8 58. Nxc7 $1 Bxc7 59. Ke7 Be5 60. f6 Bxf6+
61. Kxf6 Kf8 (61... Kf8 62. Kg5 Kg7 63. Kh5 h6 (63... Kf7 64. Kh6 Kg8 65. d6
$18) 64. d6 $1 Kf6 65. Kxh6 Ke6 66. Kg6 Kxd6 67. Kf6 Kd7 68. Kf7 Kd6 (68... Kd8
69. Ke6 Kc7 70. Ke7 Kc8 71. Kd6 Kb7 72. Kd7 Kb8 73. Kc6 Ka7 74. Kc7 Ka6 75. Kb8
$18) 69. Ke8 Ke5 70. Kd7 Kd4 71. Kc6 Kc3 72. Kxb6 Kxb3 73. Kb5 $18) 1-0

[Event "ARG-World"]
[Site "Buenos Aires"]
[Date "1994.??.??"]
[Round "3"]
[White "Hoffman, Alejandro"]
[Black "Lombardy, William James"]
[Result "1/2-1/2"]
[WhiteElo "2540"]
[BlackElo "2450"]
[Annotator "Stohl,I"]
[PlyCount "66"]
[EventDate "1994.04.??"]
[EventType "schev"]
[EventRounds "10"]
[EventCountry "ARG"]
[SourceTitle "CBM 042"]
[Source "ChessBase"]
[SourceDate "1994.10.01"]
[SourceVersion "1"]
[SourceVersionDate "1994.10.01"]
[SourceQuality "1"]

1. e4 d6 2. d4 g6 3. g3 Bg7 4. Bg2 c5 (4... Nf6 5. Ne2 O-O 6. O-O Nbd7 7. h3 c5
8. c3 (8. d5 b5 $5 $13) 8... Rb8 9. Be3 Qc7 10. Nd2 b6 11. f4 e5 12. fxe5 dxe5
13. d5 Ne8 14. g4 Nd6 15. Ng3 c4 16. Nf3 Nc5 17. Nh2 b5 18. g5 b4 19. Ng4 Bxg4
20. Qxg4 Nd3 $132 {Eppinger,G-Bischoff,K/BL 8283/1982/}) 5. c3 (5. d5 Nf6 6.
Ne2 O-O 7. O-O a6 8. a4 e6 9. dxe6 Bxe6 10. Nf4 Nc6 11. Nd2 Re8 12. Ra3 Rb8 13.
Nxe6 Rxe6 14. g4 h6 15. f4 b5 16. axb5 axb5 17. h4 Nd4 18. g5 $36 {Mezencev,
V-Deutsch,A/RUS-chS Orel/1992/}) (5. dxc5 Qa5+ 6. Bd2 Qxc5 7. Bc3 Nf6 8. Ne2
Nc6 9. O-O O-O 10. Nd2 Bg4 11. h3 Bxe2 12. Qxe2 Nh5 13. Bxg7 Kxg7 14. Nb3 Qb6
15. Kh2 Rac8 16. c3 Nf6 17. Rad1 a5 18. Nc1 Ne5 $10 {Prins,L-Heemskerk,F/Palma
GMA-op/1989/}) 5... Qc7 (5... cxd4 6. cxd4 Nc6 7. Ne2 Qb6 8. d5 Nd4 9. Nxd4
Bxd4 10. Qd2 h5 11. Nc3 Bd7 12. b3 h4 13. Bb2 {/\Na4+-} hxg3 14. hxg3 Rxh1+ 15.
Bxh1 Rc8 16. Rd1 (16. Na4 $2 Bxf2+ $1 17. Qxf2 Qxf2+ 18. Kxf2 Bxa4 $15 {/\Rc2})
16... Be5 17. Ne2 Bxb2 18. Qxb2 Nf6 19. Bf3 Qb4+ 20. Qd2 $10 {Panchenko,
AN-Azmaiparashvili,Z/Moscow PCA-op 25'/1994/}) 6. dxc5 (6. Ne2 $142 Nf6 7. O-O
{[+]}) 6... Qxc5 7. Ne2 Nf6 8. h3 O-O (8... Qc7 9. Be3 Nc6 10. Na3 O-O 11. O-O
a6 (11... b6 $5 $10) 12. Nc4 b5 13. Nb6 Rb8 14. Nd5 Qd8 15. Bg5 Bb7 16. Nxf6+
exf6 17. Be3 Re8 18. Nf4 Na5 19. Qc2 Qe7 20. Nd5 Bxd5 21. exd5 f5 22. Rae1 Nc4
23. Bd2 Qc7 24. Bc1 Nb6 $14 {Romanishin,O-Ivkov,B/Riga/1981/}) 9. Be3 Qc7 10.
O-O Nbd7 (10... Nc6 $5 {/\b6,Bb7=}) 11. Nd2 a6 (11... e5 $6 12. c4 b6 13. Nc3
$16) (11... Nc5 {/\Bd7-c6} 12. b4 Ne6 13. Qb3 {()}) 12. f4 Rb8 13. g4 b5 14. g5
Nh5 $6 (14... Ne8 $142 $5 $13) 15. Bf3 d5 (15... Nb6 16. f5 $40) 16. Bxh5 (16.
exd5 Nb6 $132) 16... gxh5 17. Ng3 dxe4 18. Nf5 $6 (18. Nxh5 $142 Nc5 19. f5 $1
$40) 18... Nc5 19. Nxg7 Kxg7 20. Qxh5 Bf5 $8 21. Nb3 $5 (21. Bd4+ Kg8 $8 22.
Be5 (22. Qh6 Ne6 23. Be5 Qc5+ $36) 22... Qb6 23. Bxb8 Nb3+ $5 (23... Rxb8 $44)
24. Kh1 Nxd2 $15) 21... Nxb3 $8 (21... Ne6 22. Nd4 $36) 22. axb3 (22. Qh6+ $142
Kg8 23. axb3 $14) 22... Qc6 23. Qh6+ (23. Bd4+ Kg8 24. Rfd1 Rfd8 $10) 23...
Qxh6 24. gxh6+ Kxh6 25. Rxa6+ f6 $10 26. Kh2 b4 $1 27. Bc5 (27. c4 $6 Rfd8 {
/\Rd3|^}) 27... Rf7 28. Bxe7 $1 (28. Bxb4 Rd8 $44) 28... Rxe7 29. Rxf6+ Bg6 30.
f5 bxc3 31. bxc3 Rxb3 32. fxg6 hxg6 $10 33. Rg1 Rxc3 (33... Rxc3 34. Rfxg6+ Kh7
35. R6g4 Rc6 $10) 1/2-1/2

[Event "Sigeman & Co 03rd"]
[Site "Malmo"]
[Date "1995.??.??"]
[Round "3"]
[White "Djurhuus, Rune"]
[Black "Krasenkow, Michal"]
[Result "0-1"]
[WhiteElo "2495"]
[BlackElo "2575"]
[Annotator "Stohl,I"]
[PlyCount "152"]
[EventDate "1995.05.??"]
[EventType "tourn"]
[EventRounds "9"]
[EventCountry "SWE"]
[EventCategory "12"]
[SourceTitle "CBM 048"]
[Source "ChessBase"]
[SourceDate "1995.10.01"]
[SourceVersion "1"]
[SourceVersionDate "1995.10.01"]
[SourceQuality "1"]

1. d4 {King} g6 2. e4 Bg7 3. Nc3 d6 4. Nge2 Nc6 $5 (4... a6 5. Be3 (5. g3 b5 6.
Bg2 Bb7 7. O-O Nd7 8. a3 c5 9. Re1 Rb8 10. Be3 cxd4 11. Bxd4 Ngf6 12. h3 O-O
13. Nc1 e6 14. Nd3 Qc7 15. Qc1 Rbc8 16. Be3 Rfe8 17. a4 bxa4 18. Rxa4 Rb8 $13 {
Zilberman,Y-Davies,N/Rishon le Zion/1994/}) (5. a4 Nc6 6. h3 e5 7. Be3 Nf6 8.
g3 O-O 9. Bg2 b6 10. O-O Bb7 11. Re1 Re8 12. f4 Na5 13. Bf2 exd4 14. Nxd4 c5
15. Nb3 Nxb3 16. cxb3 Qd7 17. Qd3 Rad8 18. Rad1 Qc8 19. Qc4 Qa8 20. b4 Re6 21.
bxc5 bxc5 $132 {[%csl Re4] ><e4,Kovacevic,Vl-Davies/Vrnjacka Banja/1988/}) 5...
b5 6. Qd2 Bb7 7. f3 Nd7 8. h4 h5 9. d5 c5 10. dxc6 Bxc6 11. Nd4 Bb7 12. a4 b4
13. Nd5 a5 14. Bb5 Ngf6 15. Bc6 Nxd5 16. exd5 Qc8 17. O-O O-O 18. Bh6 Nf6 19.
Rad1 Bxc6 20. Nxc6 Bxh6 21. Qxh6 Nxd5 22. Rxd5 Qxc6 23. Rxh5 gxh5 24. Qg5+ Kh7
25. Qxh5+ $10 {1/2-1/2,Rachels,S-Seirawan,Y/Long Beach ch-US/1989/}) (4... Nd7
5. g3 (5. Be3 Ngf6 6. h3 b5 7. a3 Bb7 8. d5 a6 9. Qd2 c5 10. Bh6 Bxh6 11. Qxh6
b4 12. axb4 cxb4 13. Nd1 Nxe4 14. Qg7 Rf8 15. Qxh7 Bxd5 16. Nf4 Nef6 17. Qh6 e5
18. Nxd5 Nxd5 19. Qd2 N7b6 20. Rxa6 Rxa6 21. Bxa6 Rh8 $36 {[%csl Gd5,Gd6,Ge5]
[%cal Gh8h3] [+],<->h,Hansen,L-From,S/DEN-ch qual Randers/1990/}) 5... e5 6.
Bg2 Ne7 7. Be3 O-O 8. h3 b6 9. Qd2 Bb7 10. O-O Re8 11. d5 f5 12. f3 Rf8 13. Nb5
Nf6 14. c4 Rf7 15. Rac1 Qd7 16. b4 a5 17. a3 Rff8 18. Nbc3 axb4 19. axb4 Ba6
20. c5 bxc5 21. bxc5 Bxe2 22. Nxe2 $16 {Hertneck,G-Schneider,Bhd/BL 8485/1985/
Black's counterplay on the Kside is non-existent,while his Qside is under
attack.}) 5. d5 (5. Be3 Nf6 6. f3 O-O 7. Qd2 Na5 8. Ng3 b6 9. O-O-O c5 10. h4
cxd4 11. Bxd4 Nc6 12. Be3 h5 13. Bh6 Be6 14. Bxg7 Kxg7 15. Bb5 Qc7 16. Rhe1 a6
17. Bxc6 Qxc6 18. Qg5 Kh7 19. Nge2 Qc5 20. Nd4 Bc4 21. Qxc5 dxc5 22. Nc6 $36 {
[%csl Yd4,Yd5,Ye4,Ye5][%cal Gd1d8] [+],<->d,Ivanchuk,V-Khalifman,A/Manila izt/
1990/}) 5... Ne5 6. f4 Nd7 {<=>[+]} 7. Be3 (7. g3 Ngf6 8. Bg2 c6 9. Be3 O-O 10.
h3 cxd5 11. exd5 Nb6 12. Bd4 h5 13. Bf2 Bd7 14. O-O Rc8 15. Rb1 Rc7 16. Nd4 Rc4
17. Qd3 Qc8 18. Kh2 h4 19. gxh4 Rc5 20. Nb3 Bf5 21. Qd2 Rc7 22. Nd4 Nc4 23. Qc1
a6 24. Nxf5 Qxf5 $36 {[%csl Rf4,Rh4] ><f4,h4,Hernandez,G-Todorcevic,M/Pamplona
op/1991/}) 7... Ngf6 8. h3 (8. Qd2 c6 9. O-O-O Qa5 $13) (8. Nd4 O-O 9. Be2 Nb6
10. O-O Bd7 11. a4 a5 12. Bf3 c6 13. Qe2 Rc8 14. dxc6 bxc6 15. Nb3 Ra8 16. Rfe1
Qc7 17. Bf2 Bc8 18. e5 Nfd5 19. Nxd5 Nxd5 20. exd6 exd6 21. Bxd5 cxd5 22. Bd4
Bf5 23. Bxg7 Kxg7 24. Nd4 Be4 $132 {Mueller,Ka-Seul,G/BL 9192/1992/}) (8. Ng3
O-O 9. Be2 c6 10. O-O cxd5 11. exd5 Nc5 12. f5 Qc7 13. Qd2 Bd7 14. a3 Na4 15.
Nxa4 Bxa4 16. c4 a6 17. b4 b5 18. fxg6 fxg6 19. c5 $6 dxc5 20. bxc5 Rad8 21.
Bf3 Bb3 $17 {[%csl Rd5] ><d5,Klinger,J-Davies,N/Budapest Texta/1988/}) 8... c6
9. Qd2 cxd5 10. exd5 Nc5 {><e4} (10... h5 11. g3 Nc5 12. Bg2 Bf5 13. Bd4 $14 {
()}) 11. g4 $1 (11. Ng3 $6 h5 $36) (11. O-O-O h5 $5 $13) (11. Bxc5 $6 dxc5 $15
{[%csl Gc8,Gg7][%cal Gg7a1] ^^,גh8-a1}) 11... h5 12. g5 Nfe4 13. Nxe4 Nxe4 14.
Qb4 Nc5 15. Bd4 (15. O-O-O Bf5 $15 {/\} 16. Bd4 Bxd4 17. Nxd4 Be4) 15... Bxd4
16. Nxd4 {[%cal Yc8f5] White prevents Bc8 to occupy the ideal f5 square.} O-O
17. O-O-O Bd7 18. f5 $6 {King White seizes the initiative straightaway with
this pawn sacrifice. I should think he was rather surprised that Black
actually accepted. White has tremendous compensation in the form of Black's
exposed K.} (18. h4 $5 $13 {[%cal Yf1h3,Yf4f5] /\Bh3,f5}) 18... gxf5 19. Qe1 e5
$1 {[%csl Yd4,Yd5,Ye4,Ye5] [+]} 20. dxe6 (20. Nf3 e4 21. Nd4 Qxg5+ 22. Kb1 Kh7
$17) 20... fxe6 21. Qh4 Rf7 $1 22. Bc4 (22. Qxh5 $2 Rh7 23. Qf3 (23. Qg6+ Rg7
$19) 23... Qxg5+ 24. Kb1 Qh5 $17) 22... d5 23. Be2 Rg7 24. Rhg1 Be8 (24... Ne4
25. Qxh5 Rh7 (25... Rxg5 $2 26. Rxg5+ Qxg5+ 27. Qxg5+ Nxg5 28. Rg1 $18) 26. Qf3
{[%cal Rg5g6] /\g6->}) 25. Bf3 (25. Bxh5 $2 Rh7 $19) 25... Qe7 26. Qg3 Rc8 $1
$15 (26... Ne4 27. Bxe4 {[%cal Rg3e5] /\Qe5~/=} (27. Qe5 $5 Nxg5 28. Nxf5 $1
exf5 29. Qxe7 Rxe7 30. Rxg5+ $36)) 27. Qe5 (27. Rde1 $2 Nd3+ $19) (27. Kb1 $5)
27... Qc7 28. Qe2 (28. Qf6 $2 Rg6 29. Nxe6 Nb3+ $1 $19) 28... Qb6 29. g6 (29.
Bxh5 Bxh5 30. Qxh5 e5 $1 (30... Na4 31. Nb3 (31. b3 Nc3 $17) 31... Qf2 32. Nd4
$1 e5 33. Qe2 $132) 31. Nxf5 $5 (31. Ne2 Na4 32. b3 Qe3+ 33. Rd2 Nc3 $19) 31...
Nd3+ 32. Rxd3 $8 (32. Kd2 Qb4+ 33. c3 (33. Kxd3 Qe4+ $19) 33... Qxb2+ 34. Ke3
Qf2+ 35. Kxd3 e4#) 32... Qxg1+ 33. Rd1 Qf2 34. Nh6+ Kf8 $17) (29. Qe5 $5 Bg6
$15) 29... Ne4 (29... Bxg6 $2 30. Bxh5 {[%cal Rg1g6] -><->g}) 30. Bxe4 (30.
Bxh5 Rc4 31. c3 (31. Qe3 f4 $1 $17) 31... Ba4 $36) 30... dxe4 31. Qxh5 Qc7 {
[%cal Re6e5] /\e5-+} 32. c3 (32. Qe2 Qe5 $36 {[%csl Ge4,Ge5,Ge6] [+]}) 32...
Qe7 33. Qh6 Qf6 34. Rg5 f4 $1 (34... Rxg6 $2 35. Rdg1 $1 $18) (34... Bxg6 35.
h4 Kf7 36. Nb5 $1 $40) 35. Rh5 (35. Rdg1 $2 Qxd4 $19) (35. Kb1 Bxg6 36. Rdg1 (
36. h4 e3+ 37. Ka1 f3 $19) 36... Kf7 $17) 35... Qxg6 $8 (35... Bxg6 36. Qh8+
Kf7 37. Qxc8 Bxh5 38. Qxb7+ Kg8 39. Qa8+ $10 {White has at least a draw.}) (
35... Rxg6 36. Qh7+ Kf8 37. Qxb7 $16 {[%cal Rb7e4] /\Qe4}) 36. Qh8+ Kf7 37. Rh6
Bd7 $1 (37... Bc6 38. Rxg6 (38. Qxc8 $6 Qxh6 39. Nxc6 f3+ 40. Kb1 bxc6 41. Rd7+
Kg6 42. Qe8+ Kg5 $17) 38... Rxh8 39. Rxg7+ Kxg7 40. Nxe6+ Kf6 41. Nxf4 Rh4 $44)
38. Rxg6 $8 Rxh8 39. Rxg7+ Kxg7 40. Ne2 Bc6 (40... Ba4 $5 41. Rg1+ (41. Rd4 Bc6
42. Nxf4 e5 43. Ne6+ Kf6 44. Rd8 Rxh3 $19 {[%csl Ge4][%cal Re4e3] /\e3,o^e})
41... Kf6 42. Nxf4 e5 43. Nd5+ Ke6 44. Ne3 $15) 41. Nxf4 e5 42. Ne6+ Kf6 43.
Nd8 Rxh3 44. Nxc6 bxc6 45. Rd6+ Kf5 46. Kd2 $2 (46. Rxc6 $5 e3 47. Kd1 Rh2 (
47... Ke4 48. Ra6 $132) 48. Ra6 Rxb2 49. Rxa7 $10 {This position is a draw
even without the white P, as Black's K can't penetrate to d3 or f3.}) 46... c5
$1 (46... e3+ $6 47. Kd3 e4+ 48. Ke2 $10) 47. b3 Rh2+ 48. Ke3 Rh3+ 49. Kd2 Rh2+
50. Ke3 Rc2 $1 $17 51. c4 Rc3+ 52. Ke2 (52. Kd2 Rd3+ $1 53. Rxd3 exd3 54. Kxd3
e4+ 55. Ke3 Ke5 56. a3 a5 $19 {_|_P}) 52... Rc2+ 53. Ke3 a5 54. Rh6 (54. Rd5
Rxa2 55. Rxc5 Ra3 56. Ke2 Kf4 $19) 54... Rc3+ (54... Rxa2 $2 55. Rh5+ $10) 55.
Kd2 Rg3 56. Rh8 a4 $1 57. Rf8+ Ke6 58. bxa4 (58. Rb8 a3 $1 $19 {[%csl Ra2] ><a2
}) 58... Rd3+ $1 59. Ke2 (59. Kc2 $142 $5 Ra3 60. Kb2 $17) 59... Rc3 60. Re8+
Kd6 61. Rd8+ Ke7 62. Rd5 Rxc4 63. Rxe5+ Kd6 64. Re8 Rxa4 65. Ke3 Kd5 $19 66.
Rd8+ Kc4 67. Rd2 $8 (67. Kxe4 Rxa2 68. Rd1 Re2+ 69. Kf3 Rc2 70. Ke3 Kb3 $19)
67... Kc3 68. Rh2 Rd4 69. Rh1 c4 $1 70. a4 (70. Rc1+ Kb2 71. Kxd4 (71. Rh1 Rd8
72. Rh2+ Kb1 73. Kxe4 c3 $19) 71... Kxc1 72. a4 (72. Kxc4 Kd2 $19) 72... e3 $1
73. Kxe3 c3 74. a5 c2 75. a6 Kd1 $19) 70... Rd3+ $1 71. Kxe4 Kb4 72. Rc1 (72.
Ra1 Rd7 73. a5 c3 74. a6 c2 75. a7 Rxa7 $19) 72... Rd8 73. a5 c3 74. Ke3 Kb3
75. Rb1+ (75. a6 Kb2 $19) 75... Ka2 76. Rb6 Rc8 $1 {[%cal Rc3c2] /\c2} (76...
c2 $6 77. Rc6 Kb2 78. Rb6+ Kc1 {[%cal Rc1d1] /\Kd1-+} 79. Ke2 $1 Re8+ 80. Kf2
Re4 81. a6 $10) 0-1

[Event "Brno"]
[Site "Brno"]
[Date "1993.??.??"]
[Round "2"]
[White "Leko, Peter"]
[Black "Gofshtein, Leonid D"]
[Result "0-1"]
[WhiteElo "2555"]
[BlackElo "2540"]
[Annotator "Stohl,I"]
[PlyCount "78"]
[EventDate "1993.08.??"]
[EventType "tourn"]
[EventRounds "9"]
[EventCountry "CZE"]
[EventCategory "13"]
[SourceTitle "CBM 037"]
[Source "ChessBase"]
[SourceDate "1993.12.01"]
[SourceVersion "1"]
[SourceVersionDate "1993.12.01"]
[SourceQuality "1"]

1. e4 g6 2. d4 Bg7 3. Nc3 d6 4. Bg5 $6 Nd7 (4... c6 5. Qd2 b5 6. f4 Nf6 7. Bd3
Nbd7 (7... a6 $6 8. Nf3 Nbd7 9. e5 dxe5 10. fxe5 Nd5 11. Nxd5 cxd5 12. O-O O-O
13. a4 bxa4 14. Rxa4 f6 15. exf6 exf6 16. Bh6 Nb6 17. Bxg7 Kxg7 18. Ra5 Nc4 19.
Bxc4 dxc4 20. Rc5 $16 {Leko,P-Arduman,C/Budapest Exp/1993/}) 8. Nf3 O-O 9. e5
b4 10. Nd1 (10. Ne2 $142 $14) 10... Nd5 11. exd6 f6 12. Bh4 exd6 13. O-O Bh6
14. Bg3 N7b6 15. a3 a5 16. axb4 Nxb4 17. Be2 Re8 18. c3 N4d5 $13 {Leko,
P-Gurevich,M/Wijk op/1993/}) 5. Qd2 (5. f4 $6 c5 6. d5 Qa5 7. Qf3 (7. Qd2 h6 8.
Bh4 Bxc3 9. bxc3 Ngf6 10. Qd3 g5 $1 11. fxg5 Nxe4 12. Qxe4 Qxc3+ 13. Kf2 Qxa1
14. Nf3 Kd8 15. Qf4 Ne5 16. Bb5 Qb2 $19 {Reite,J-Bern,I/NOR-chT/1991/}) 7... h6
8. Bh4 Bxc3+ 9. bxc3 Ngf6 10. Kd2 b5 11. Nh3 g5 12. fxg5 Ne5 13. Qe3 Nfg4 14.
Qg3 b4 15. Rb1 Rb8 16. Be2 Qxa2 17. Ra1 Nc4+ 18. Bxc4 Qxc4 $36 {Shirov,
A-Hansen,Cu/Kerteminde/1991/}) 5... a6 $1 (5... c5 6. d5 a6 7. a4 Ngf6 8. f3
O-O 9. Nh3 Rb8 10. Be2 c4 11. Nf2 b5 12. O-O Qc7 13. axb5 axb5 14. b4 cxb3 15.
cxb3 Nc5 16. Rab1 b4 17. Na4 Nxa4 18. bxa4 Nh5 19. Rfc1 Bc3 $132 {Sorokin,
M-Hoi,C/Ostrava/1992/}) 6. f4 b5 7. e5 (7. O-O-O Bb7 8. a3 c5 9. d5 Ngf6 10.
Qe1 O-O 11. Nf3 Rb8 12. Kb1 b4 13. axb4 cxb4 14. Na2 b3 $1 15. cxb3 Nc5 16.
Bxf6 exf6 17. b4 f5 $1 18. e5 Ne4 $36 {Leko,P-Chernin,A/HUN-ch/1992/}) 7... f6
8. exf6 Ngxf6 9. Bd3 (9. Nf3 Bb7 10. Be2 O-O 11. O-O c5 $36) (9. Be2 $5 Bb7 10.
Bf3 $132) 9... c5 $1 $15 10. dxc5 (10. Nf3 Bb7 11. O-O $5 Bxf3 12. Rxf3 cxd4
13. Ne4 O-O $15) 10... Nxc5 11. Nf3 Bb7 12. O-O b4 13. Nd1 Qb6 14. Kh1 O-O 15.
Bc4+ (15. Bh4 $5 $15) 15... e6 16. Bh4 (16. Nf2 d5 17. Bd3 Nce4 $1 18. Qe2
Nxf2+ 19. Rxf2 Ne4 $17) 16... Nfe4 17. Qe3 d5 18. Be2 Qd6 $17 19. Ng5 $8 (19.
g3 $2 d4 $40) (19. Bg3 d4 20. Qc1 Nxg3+ 21. hxg3 Ne4 22. Kh2 e5 $19) 19... d4
20. Nxe4 Nxe4 21. Qh3 Rac8 (21... Rae8 $5 $17) 22. Bd3 $8 Rxf4 (22... Nc5 $5
$17) 23. Rxf4 Qxf4 24. Kg1 $2 (24. Qxe6+ $142 Kh8 25. Qh3 $8 (25. Qe7 Be5 $19)
(25. Be1 Nc5 26. Qe2 Nxd3 27. cxd3 Rc2 $1 $19) 25... Nc5 $17 (25... Rxc2 $6 26.
Qd7 Be5 27. Qd8+ Kg7 28. Qd7+ Kh6 29. Qh3 $132)) 24... Nc5 $19 25. Bc4 Qe4 26.
Nf2 Qxc2 27. Bxe6+ Nxe6 28. Qxe6+ Kh8 29. Bf6 Qc6 $1 30. Bxg7+ Kxg7 31. Qxc6 (
31. Qe7+ Kg8 32. Qg5 $8 Re8 $19) 31... Rxc6 32. Rd1 (32. Nd3 Rc2 $19) 32... Rc2
33. Rxd4 Rxb2 $1 34. Rd7+ Kf8 35. Nd3 (35. Rxb7 Rb1+ 36. Nd1 Rxd1+ 37. Kf2 a5 {
/\Ra1,Rd2-+}) 35... Bc6 36. Rd6 (36. Nxb2 Bxd7 37. Nd3 a5 {/\Be6}) 36... Rb1+
37. Kf2 Bb5 38. Ke3 (38. Ne5 Rb2+ $19) 38... b3 $1 39. a4 (39. axb3 Rxb3 40.
Kd2 Bxd3 $19) 39... Bxd3 (39... Bxd3 40. Rxd3 Re1+ 41. Kd2 b2 $19) 0-1

[Event "YUG-ch"]
[Site "Tivat"]
[Date "1994.??.??"]
[Round "1"]
[White "Miladinovic, Igor"]
[Black "Barlov, Dragan"]
[Result "1-0"]
[WhiteElo "2480"]
[BlackElo "2500"]
[Annotator "Stohl,I"]
[PlyCount "83"]
[EventDate "1994.03.??"]
[EventType "tourn"]
[EventRounds "13"]
[EventCountry "YUG"]
[EventCategory "10"]
[SourceTitle "CBM 043"]
[Source "ChessBase"]
[SourceDate "1994.12.01"]
[SourceVersion "1"]
[SourceVersionDate "1994.12.01"]
[SourceQuality "1"]

1. d4 d6 2. e4 g6 3. Nc3 Bg7 4. Be3 a6 5. Qd2 (5. a4 b6 $5 {/\c5,Bb7}) 5... b5
6. Nge2 (6. Bd3 Nd7 7. O-O-O Bb7 8. f4 Ngf6 9. e5 b4 10. Nce2 Ng4 11. Nf3 Nxe3
12. Qxe3 Nb6 (12... e6 $142 $5 $13) 13. e6 $1 fxe6 14. Ng5 Qd7 15. Nxe6 Bf6 16.
f5 g5 17. h4 Nd5 18. Qe4 gxh4 19. Bc4 c6 20. N2f4 Nxf4 21. Qxf4 $40 {Magomedov,
M-Asanov,B/Kurgan/1993/}) (6. O-O-O Nd7 7. Kb1 Bb7 8. f3 b4 9. Nce2 a5 10. Nc1
Rc8 11. h4 h6 12. Nh3 e6 13. Nf2 Ne7 14. h5 g5 15. g3 d5 16. Bd3 c5 17. dxc5
Nxc5 18. Bb5+ Kf8 19. f4 Qb6 20. Be2 Bc3 $1 21. Bxc5 Rxc5 $13 {Winsnes,
R-Gausel,E/Reykjavik op/1990/}) 6... Bb7 7. f3 Nd7 8. g4 (8. h4 h5 9. d5 c5 10.
dxc6 Bxc6 11. Nd4 Bb7 12. a4 b4 13. Nd5 a5 14. Bb5 Ngf6 15. Bc6 Nxd5 16. exd5
Qc8 17. O-O O-O 18. Bh6 Nf6 19. Rad1 Bxc6 20. Nxc6 Bxh6 21. Qxh6 Nxd5 22. Rxd5
Qxc6 23. Rxh5 gxh5 24. Qg5+ Kh7 25. Qxh5+ {1/2:1/2,Rachels,S-Seirawan,Y/Long
Beach ch-US/1989/}) 8... c5 9. Bg2 (9. h4 cxd4 10. Nxd4 h5 11. gxh5 Rxh5 12.
O-O-O Ngf6 13. Bh3 Ne5 14. Bg5 Qa5 15. Kb1 Nc4 16. Qe1 Qb4 (16... Bc8 $5 $13)
17. Nb3 Nh7 18. Bc1 Bxc3 19. bxc3 Na3+ 20. Kb2 Qa4 21. Bg4 $14 {Zude,A-Alber,H/
Frankfurt/1990/}) 9... cxd4 $6 (9... Ngf6 $142 $13) 10. Bxd4 Ne5 (10... Ngf6
11. g5 (11. Ng3 O-O 12. h4 Qc7 $13 {/\d5}) 11... Nh5 12. Bxg7 (12. Ng3 $6 Bxd4
13. Qxd4 e5 $1 14. Qxd6 Nf4 {/\Qg5-/+}) 12... Nxg7 13. f4 $14 {()}) 11. b3 $1 (
11. f4 $2 Nc4 {/\e5}) 11... Kf8 $5 (11... Nf6 12. g5 Nh5 13. f4 Nc6 14. Bxg7
Nxg7 15. Nd5 $36) 12. Rd1 Rc8 (12... Nf6 13. g5 Nh5 14. Ng3 $16) 13. Nd5 $1 Nd7
14. c3 (14. Bxg7+ Kxg7 15. Qd4+ e5 $1 $13) 14... Ngf6 (14... Bxd5 15. exd5 Ngf6
16. g5 Nh5 17. f4 $36) 15. g5 Nxd5 16. exd5 Bxd4 17. Qxd4 Kg8 18. Qe3 (18. Bh3
$6 h6 $15) (18. f4 Qb6 19. Bh3 Qxd4 20. Rxd4 Rc7 $10) 18... Rc5 19. f4 Nb6 (
19... h6 $5 {צh8} 20. f5 $1 $14) 20. O-O $1 Bxd5 (20... Nxd5 21. Qf2 {/\c4,b4,
f5->}) 21. f5 Bxg2 22. Qxc5 (22. Kxg2 $2 Rxf5 23. Rxf5 gxf5 $17) 22... Bxf1 23.
Kxf1 $44 Nd7 24. Qd5 Nf8 (24... Kg7 $2 25. f6+ exf6 26. Qxd6 $16) (24... gxf5
25. Ng3 $1 $44) 25. Nd4 Qd7 $2 (25... e6 $5 26. fxe6 fxe6 27. Nxe6 Nxe6 28.
Qxe6+ Kg7 29. Qf6+ $5 (29. Rxd6 Rf8+ 30. Qf6+ $1 Qxf6+ 31. gxf6+ Rxf6+ 32. Rxf6
Kxf6 $10) 29... Qxf6+ 30. gxf6+ Kxf6 31. Rxd6+ Kg7 $1 32. Rxa6 Rc8 33. Rb6 Rxc3
34. Rxb5 Rc1+ $10) (25... h6 26. Nc6 (26. Qb7 $5) 26... Qd7 27. f6 $36) 26. Rd3
e6 (26... gxf5 27. Nxf5 e6 28. Qxd6 Qxd6 29. Nh6+ $1 Kg7 30. Rxd6 $16 {_|_})
27. fxe6 fxe6 28. Qa8 $16 Kg7 (28... e5 $142 $5 29. Nf3 $16) 29. Qxa6 e5 30.
Nxb5 Qf5+ 31. Ke2 Qg4+ (31... Qe4+ 32. Kd2 Qg2+ 33. Kc1 Qxg5+ 34. Kc2 $18) (
31... Ne6 32. Qb7+ Kf8 33. Rxd6 Nf4+ 34. Kd2 $18) 32. Kd2 Qxg5+ 33. Kc2 Qg2+
34. Rd2 Qe4+ 35. Kb2 $18 Ne6 (35... d5 36. Qb7+ Kh6 37. Qxd5 $18) 36. Nxd6 Qa8
37. Qc4 $1 $40 Nf4 38. Qc7+ Kf6 (38... Kh6 39. Nf7+ $18) 39. Qf7+ Kg5 40. Qe7+
Kg4 41. Qxe5 Qf3 42. Qd4 $5 (42. Qxh8 $18) 1-0